000 00984nam a22003017a 4500
001 BR9503181
003 BR-BrBNA
005 20230928094526.0
007 ta
008 230509b bl.||||| |||| 00| 0 por d
040 _aBR-BrBNA
_bpor
_cBiblioteca Nacional de Agricultura
041 _a(Por)
072 _aF62; P34
_b0336
_b0120
090 _ 0336 BR9503181
100 1 _aSilva Junior, J.P. da
110 1 _aEscola Superior de Agricultura de Lavras, MG (Brasil)
_0Tese (Mestre em Solos e Nutricao de Plantas)
245 1 _aEfeitos da formononetina (7-hidroxi, 4-metoxi isoflavona)na micorrizacao, crescimento e nutricao do milho e soja
260 3 _aLavras, MG (Brasil):
_c1993.
300 _a93 p.
500 _a10 tables; 10 graphs; Bibliography p. 76-90 (79 ref.); Summaries (Eng, Por)
650 _aMilho
650 _aSoja
650 _aMicorriza
650 _aCrescimento
650 _aNutricao Vegetal
909 _a202309
_bLucia
_c55
_dLucia Elande
942 _cBK
999 _c51150
_d51150